000 00471nam a2200181Ia 4500
008 240925s9999 xx 000 0 und d
020 _a9781784158149
082 _a658.1508 KAP
100 _aKaplan
245 0 _aACCA Paper F9 Financial Management (FM)
250 _a1st
260 _aUnited Kingdom:
_bKaplan Publishing
_c,2017.
300 _axxxi, 268p.
_bNA
_fOriginal
500 _aIncludes Index
600 _aManagement
650 _aManagement
942 _cBK
999 _c16035
_d16035